00966nam a22002777a 45000010005000000030006000050050017000110080041000280200018000690400029000870500014001160820008001301000020001382450043001582600038002013000051002395050007002905200086002975210028003835210018004116500040004297000028004699420015004979990015005129520161005277936FISKH20250814104357.0250814b cb ||||| |||| 00| 0 eng d a9780439024488 aFISKHbengcFISKHdFISKH aR130 .B47 a613 aBerger, Melvin  aCheckup / cby Melvin and Gilda Berger aNew York : bScholastic,c2007.  a32 pages : bcolor illustrations ; c18 x 22 m aE  aColorful photgraphs and simple sentences briefly describes visits to the doctors.8 a160 bLexile estimate 8 aE bRaz-Plus  aMy bodyvDoctor's AppointmentyBody aBerger, Gilda eAuthor  2ddccBKn0 c7936d7936 00102ddc40708Khmer-English Bilingual a001b001cTK Green 7-57-60d2025-08-14l0oBER 613 R130 .B47 pFISBK05928r2025-08-14 10:43:55t1w2025-08-14yBK